Movies Quiz

Random Movies or Celebrity Quiz

Movie Cast Match (1990) Quiz Stats

 Plays Quiz Updated May 17, 2016

Score 0/40 Timer 08:00
8 Plays Today
% Correct
Home Alone
91.4%
Back to the Future Part III
91.2%
Pretty Woman
91.1%
Ghost
90.8%
Rocky V
88.2%
Look Who's Talking Too
86.2%
Goodfellas
85.9%
Misery
85.5%
3 Men and a Little Lady
85.3%
Dances with Wolves
85.2%
Edward Scissorhands
83.7%
Days of Thunder
82.9%
The Hunt for Red October
81.9%
Die Hard 2
81.7%
The Godfather: Part III
80%
Another 48 Hrs.
78.9%
Dick Tracy
78.9%
Total Recall
77.6%
Kindergarten Cop
76.9%
Young Guns II
74.2%
% Correct
Mermaids
73.6%
Joe Versus the Volcano
73.3%
Flatliners
69.8%
Bird on a Wire
67.3%
Green Card
67.3%
Hard to Kill
66.3%
Awakenings
65.9%
Ernest Goes to Jail
65.7%
Tremors
62.2%
Cry-Baby
59.2%
Presumed Innocent
58.7%
Arachnophobia
57.9%
RoboCop 2
55.9%
The Bonfire of the Vanities
55.3%
Quigley Down Under
54.4%
Air America
53.1%
Men at Work
50.2%
The Grifters
49.6%
Wild at Heart
48.9%
House Party
38.7%

You're not logged in!

Compare scores with friends on all Sporcle quizzes.
OR
Log In

You Might Also Like...

Show Comments

Extras

Top Quizzes Today


Score Distribution

Your Account Isn't Verified!

In order to create a playlist on Sporcle, you need to verify the email address you used during registration. Go to your Sporcle Settings to finish the process.

Report this User

Report this user for behavior that violates our Community Guidelines.

Details: